| 000 | 02112nam a22003977 4500 | ||
|---|---|---|---|
| 999 |
_c56793 _d56793 |
||
| 001 | RU\PGU\BOOKS\3900 | ||
| 005 | 20190424113315.0 | ||
| 008 | 190424s2007 ru ||||| |||| 00| 0 rus d | ||
| 020 | _a5365006453 | ||
| 040 | _a1901371X | ||
| 041 | 0 | 0 | _arus |
| 080 | 0 | 0 | _a347.44(075.8) |
| 090 |
_a1903120 _fБ-ка I-1903121; 1903122; 1903123; 1903124 |
||
| 091 | 0 | 0 | _aХ623.2я73-1 |
| 091 | _a67.404 | ||
| 091 | _a34С | ||
| 092 | 0 | 0 | _a10.27 |
| 100 | 1 |
_aКалемина, Виктория Викторовна _9455 |
|
| 245 | 0 | 0 |
_aДоговорное право : _bучебное пособие / _hТекст. _cВ. В. Калемина, Е. А. Рябченко |
| 250 |
_a3-е изд. _bстер. |
||
| 260 |
_aМ. : _bОмега-Л, _c2007. |
||
| 300 |
_a239 с. ; _c20 см. |
||
| 440 | 0 | 0 |
_aБиблиотека высшей школы _9456 |
| 500 | _a4000 экз. | ||
| 504 | _aБиблиогр.: с. 236-239 | ||
| 520 | _aИздание представляет собой учебное пособие по договорному праву. Содержит общие положения договорного права, рассматриваются все виды договоров, при этом наиболее распространенные из них анализируются подробнее | ||
| 521 | 0 | _aДля студентов вузов юридических специальностей, а также для всех, кто хочет получить конкретную информацию о том или ином виде договора | |
| 650 |
_aДоговор в гражданском праве Российской Федерации _9457 |
||
| 653 | _aსამართალი | ||
| 653 | _aსამოქალაქო სამართალი | ||
| 653 | _aვალდებულებითი სამართალი | ||
| 700 |
_aРябченко, Е. А. _9458 |
||
| 710 |
_gинновационная образовательная программа _9443 |
||
| 876 | _p3000013943 | ||
| 942 |
_2udc _cBK |
||